000 01177nam a22003257a 4500
999 _c725
_d725
001 001668
003 CoMeUDC001668
005 20190114225249.0
008 130821s2006 ck gr spa
020 _a9586534863
040 _aCo-BoUCM
_bspa
_cCoMeUDC
041 0 0 _aspa
082 0 4 _a347.09
_220
_bO62t
100 1 _aOppetit, Bruno
245 1 0 _aTeoría del arbitraje /
_cBruno Oppetit; traducción Eduardo Silva Romero, Fabricio Mantilla Espinosa, José Joaquin Caicedo Demoulin.
260 _aBogotá (Colombia) :
_bUniversidad del Rosario; Legis Editores,
_c2006.
300 _a289 páginas
650 0 4 _aArbitramento internacional
_99307
650 0 4 _aArbitramento
_99299
650 0 4 _aConciliación internacional
_911469
650 0 4 _aDerecho internacional
_912776
650 0 4 _aMediación internacional
_919116
700 1 _aCAICEDO DEMOULIN, José Joaquín
_etrad.
700 1 _aMANTILLA ESPINOSA, Fabricio
_etrad.
700 1 _aSILVA ROMERO, Eduardo
_etrad.
710 _aUniversidad del Rosario.
_bFacultad de Jurisprudencia
765 1 0 _aThéorie de l'arbitrage.
830 _aBB_J_ARBIT
942 _cBK
_2ddc
_a8
_e1
_h341.522
_mO623t